[Event "AUTO-INT-3143"]
[Site "http://www.queenalice.com/game.php?id=1425721"]
[Date "2016.5.31"]
[Round "1"]
[White "RJOliveira"]
[Black "vogeleduardo"]
[Result "1-0"]
[WhiteElo "1659"]
[BlackElo "1581"]

1. e4 e5 2. Nf3 Nc6 3. Nc3 Bc5 4. Bd3 Nf6 5. O-O O-O 6. Nd5 Nxd5 7. exd5 Nb8 8.
Nxe5 Qg5 9. Nf3 Qxd5 10. c4 Qe6 11. Re1 Qf6 12. Rb1 Qh6 13. b4 Bd6 14. Bc2 b6
15. d3 Qh5 16. h4 Qg4 17. d4 Bb7 18. Rb3 Bxf3 19. Rxf3 Qxh4 20. Rh3 Qd8 21.
Bxh7+ Kh8 22. Qh5 g6 23. Bxg6+ Kg7 24. Qh6+ Kf6 25. Bd3# 1-0

[Event "AUTO-INT-3224"]
[Site "http://www.queenalice.com/game.php?id=1466222"]
[Date "2017.2.24"]
[Round "1"]
[White "Esporpi63"]
[Black "vogeleduardo"]
[Result "1-0"]
[WhiteElo "1457"]
[BlackElo "1404"]

1. Nf3 Nc6 2. e4 e5 3. d4 d5 4. h3 Nf6 5. Bb5 Bd7 6. Bxc6 Bxc6 7. dxe5 Nxe4 8.
O-O Bc5 9. Be3 Be7 10. Nd4 Bh4 11. Qg4 g5 12. g3 Bd7 13. Qh5 Bxh3 14. Re1 Qe7
15. gxh4 gxh4 16. Qf3 Be6 17. Nxe6 Qxe6 18. Nd2 d4 19. Qxe4 O-O-O 20. Bxd4 Rhg8+
21. Kf1 Qh3+ 22. Ke2 f5 23. Rh1 fxe4 24. Rxh3 Rxd4 25. Rxh4 Rg7 26. Nxe4 Re7 27.
Rd1 Rdd7 28. Rxd7 Rxd7 29. Nf6 Re7 30. Rxh7 Rxh7 31. Nxh7 Kd7 32. f4 Ke6 33. Ke3
Kf5 34. Ng5 c6 35. e6 Kf6 36. Ke4 a6 37. f5 1-0

[Event "AUTO-INT-3224"]
[Site "http://www.queenalice.com/game.php?id=1466223"]
[Date "2017.2.24"]
[Round "1"]
[White "vogeleduardo"]
[Black "Esporpi63"]
[Result "0-1"]
[WhiteElo "1489"]
[BlackElo "1450"]

1. b3 e5 2. e4 Nf6 3. Bd3 Bc5 4. Qf3 d6 5. Nh3 O-O 6. O-O Nc6 7. Nc3 Nd4 8. Qd1
Ne6 9. Nd5 Nxd5 10. exd5 Nf4 11. Qf3 Nxd3 12. Qxd3 Qf6 13. Qg3 e4 14. c3 b5 15.
d4 Bb6 16. Bf4 Bf5 17. Ng5 b4 18. a4 bxc3 19. Rfc1 Bxd4 20. Ra2 Rab8 21. Ra3 h6
22. Nh3 Bc5 23. Ra2 Rxb3 24. a5 Rb2 25. Rc2 e3 26. Bxe3 Bxc2 27. Ra1 Rfb8 28.
Bxc5 Rb1+ 29. Rxb1 Rxb1# 0-1

[Event "AUTO-INT-3224"]
[Site "http://www.queenalice.com/game.php?id=1466238"]
[Date "2017.2.24"]
[Round "1"]
[White "maurice91"]
[Black "vogeleduardo"]
[Result "1-0"]
[WhiteElo "1808"]
[BlackElo "1482"]

1. d4 d5 2. Nf3 Nc6 3. Bf4 Bf5 4. e3 Nb4 5. Na3 Nf6 6. c3 Nc6 7. Bd3 Ne4 8. Nb5
Nd6 9. Nxd6+ exd6 10. Bxf5 Qf6 11. Qc2 g6 12. Bd3 O-O-O 13. Bg5 Qe6 14. Bxd8
Kxd8 15. Ng5 Qf6 16. f4 Bh6 17. h4 a6 18. Qf2 Ne7 19. O-O-O Nc6 20. Rdf1 Ne7 21.
g4 Nc6 22. Qg2 Ne7 23. Qd2 Nc6 24. e4 dxe4 25. Bxe4 Re8 26. Bxc6 bxc6 27. Qd3 a5
28. Nxh7 Qg7 29. Ng5 f5 30. gxf5 gxf5 31. Qxf5 Re2 32. Nf7+ Ke8 33. Nxh6 Qxh6
34. Qc8+ Ke7 35. Qxc7+ Ke6 36. Qxc6 Qg6 37. f5+ Qxf5 38. Rxf5 Kxf5 39. Qf3+ 1-0

[Event "AUTO-INT-3224"]
[Site "http://www.queenalice.com/game.php?id=1466239"]
[Date "2017.2.24"]
[Round "1"]
[White "vogeleduardo"]
[Black "maurice91"]
[Result "0-1"]
[WhiteElo "1491"]
[BlackElo "1878"]

1. e4 c6 2. b3 d5 3. f3 d4 4. d3 e5 5. Bb2 Bd6 6. Ne2 f5 7. g3 Nf6 8. Bh3 fxe4
9. Bxc8 Qxc8 10. fxe4 c5 11. Ba3 b5 12. O-O Qh3 13. Qd2 Ng4 14. Nc1 Ne3 15. Qf2
Rf8 16. Qe2 Rxf1+ 17. Qxf1 Qxf1# 0-1

[Event "AUTO-INT-3224"]
[Site "http://www.queenalice.com/game.php?id=1466248"]
[Date "2017.2.24"]
[Round "1"]
[White "TenebrousWit"]
[Black "vogeleduardo"]
[Result "1-0"]
[WhiteElo "1709"]
[BlackElo "1489"]

1. e4 e5 2. Nf3 Nc6 3. Bc4 Nh6 4. d4 f6 5. Bxh6 gxh6 6. Nh4 Rg8 7. Bxg8 Qe7 8.
Nf5 Qb4+ 9. Nc3 exd4 10. a3 Qxb2 11. Nd5 Kd8 12. O-O d6 13. Nxf6 Bxf5 14. exf5
Ne7 15. Bxh7 c5 16. Qh5 Kc7 17. Ne4 Qxc2 18. f6 Nc6 19. Ng5 Qc3 20. Qf7+ Kb6 21.
Rfb1+ Nb4 22. axb4 hxg5 23. bxc5+ Kc6 24. Qxb7+ Kxc5 25. Qb5# 1-0

[Event "AUTO-INT-3224"]
[Site "http://www.queenalice.com/game.php?id=1466249"]
[Date "2017.2.24"]
[Round "1"]
[White "vogeleduardo"]
[Black "TenebrousWit"]
[Result "0-1"]
[WhiteElo "1393"]
[BlackElo "1731"]

1. Nf3 c5 2. e4 Nc6 3. Bc4 e6 4. O-O Nf6 5. Nc3 a6 6. e5 Ng4 7. h3 Ngxe5 8. Nxe5
Nxe5 9. Bb3 d5 10. a4 Be7 11. Qh5 Bf6 12. d3 Qe7 13. Bf4 Ng6 14. Ne2 e5 15. Bh2
Be6 16. Ng3 Nf4 17. Qf3 O-O 18. Nh5 c4 19. Ba2 Nxh5 20. Qxh5 g6 21. Qf3 Bg7 22.
dxc4 e4 23. Qe3 Rfd8 24. c3 Rac8 25. Rad1 dxc4 0-1

[Event "AUTO-INT-3253"]
[Site "http://www.queenalice.com/game.php?id=1481518"]
[Date "2017.6.7"]
[Round "1"]
[White "Givanildo"]
[Black "vogeleduardo"]
[Result "0-1"]
[WhiteElo "1569"]
[BlackElo "1390"]

1. d4 d5 2. Bg5 Bf5 3. h3 f6 4. Bf4 Nc6 5. e3 g5 6. Bg3 Bh6 7. f4 Qd6 8. Bb5 a6
9. Bxc6+ Qxc6 10. Nc3 O-O-O 11. Nge2 Qc4 12. O-O Be4 13. b3 Qc6 14. Nxe4 dxe4
15. fxg5 Bxg5 16. h4 Bxe3+ 17. Kh1 Qd7 18. c3 Qg4 19. Qe1 Rd5 20. Nf4 Rf5 21.
Ne6 Rxf1+ 22. Qxf1 Qxe6 23. Re1 Bh6 24. c4 Qg4 25. Qf2 f5 26. d5 b6 27. a4 Nf6
28. b4 e3 29. Rxe3 Bxe3 30. Qxe3 Ne4 31. Be1 Rg8 32. g3 Qh3+ 33. Kg1 Rxg3+ 34.
Bxg3 Qxg3+ 35. Qxg3 Nxg3 36. Kg2 Nh5 37. Kf3 Kd7 38. c5 bxc5 39. bxc5 c6 40.
dxc6+ Kxc6 41. Ke3 Kxc5 42. Kd3 Kb4 43. a5 Kxa5 44. Kd4 f4 45. Ke4 Kb5 46. Kf5
f3 47. Kg4 f2 48. Kxh5 f1=Q 49. Kh6 e5 50. Kxh7 e4 51. h5 e3 52. h6 e2 53. Kg7
Qg2+ 54. Kh8 Qb7 55. h7 e1=Q 56. Kg8 Qe8# 0-1

[Event "AUTO-INT-3253"]
[Site "http://www.queenalice.com/game.php?id=1481519"]
[Date "2017.6.7"]
[Round "1"]
[White "vogeleduardo"]
[Black "Givanildo"]
[Result "0-1"]
[WhiteElo "1413"]
[BlackElo "1672"]

1. e4 d5 2. Nc3 d4 3. Nd5 e6 4. Nf4 Bc5 5. Bc4 a6 6. d3 e5 7. Nfe2 Bg4 8. Nf3 h6
9. O-O Bxf3 10. gxf3 b5 11. Bd5 c6 12. Bb3 a5 13. a4 b4 14. Ng3 g6 15. c4 dxc3
16. bxc3 Na6 17. c4 Bd4 18. Be3 Bxe3 19. fxe3 c5 20. Qd2 h5 21. Rf2 h4 22. Ne2
g5 23. Rg2 f6 24. Rg4 Nh6 25. Rg2 Nc7 26. Kf2 Ne6 27. h3 f5 28. f4 exf4 29. exf4
Nd4 30. Qb2 Nf7 31. e5 gxf4 32. Nxd4 cxd4 33. Qe2 Ra7 34. Rg6 Qe7 35. Rag1 f3
36. Qd2 Nxe5 37. Rb6 Nd7 38. Rc6 Ne5 39. Rb6 Qc7 40. Re6+ Kd8 41. Qg5+ Kc8 42.
Qxf5 Nxd3+ 43. Kxf3 Kb8 44. Re2 Qc6+ 45. Re4 Re8 46. Rg6 Ne1+ 47. Kf4 Nd3+ 48.
Kf3 Ne5+ 49. Qxe5+ Rxe5 50. Rxc6 Rf7+ 51. Rf4 Re3+ 52. Kg4 Rg3+ 53. Kxh4 Rxb3
54. Rxf7 Re3 55. Rg6 Re4+ 56. Rg4 Rxg4+ 0-1